Highest Household Size by Country Quiz Stats

 Plays Quiz not verified by Sporcle

Challenge
Share
Tweet
Embed
Score 0/10 Timer 03:00
0 Plays Today
Rank Country % Correct
10.India
92.7%
3.Pakistan
69.1%
1.Iraq
58.2%
4.Yemen
39.1%
9.Sudan
35.5%
6.Jordan
32.7%
7.Bahrain
17.3%
8.Fiji
7.3%
2.Equatorial Guinea
4.5%
5.Solomon Islands
2.7%

You're not logged in!

Compare scores with friends on all Sporcle quizzes.
OR
Log In

You Might Also Like...

Show Comments

Extras

Top Quizzes Today


Score Distribution

Your Account Isn't Verified!

In order to create a playlist on Sporcle, you need to verify the email address you used during registration. Go to your Sporcle Settings to finish the process.

Report this User

Report this user for behavior that violates our Community Guidelines.

Details: